000 00365nam a22001217a 4500
999 _c826
_d826
005 20200818130301.0
008 200818b ||||| |||| 00| 0 eng d
020 _a0304303704
040 _cCML
245 _aA Teacher Training Course for Teachers of EFL.
_cHill, L.A.
260 _aLondon
_bCassell Ltd
_c1979
942 _2ddc
_cBK
_e1st Edition
_h371
_mHIL